| 000 | 00929nmm a2200289 a 4500 | ||
|---|---|---|---|
| 001 | ocm0001732429 | ||
| 003 | TR-IsHL | ||
| 005 | 20201028170728.0 | ||
| 008 | 180207s2017 tu tur | ||
| 007 | cr cn | ||
| 020 | _a9786059937764 | ||
| 035 |
_a1732429 _b(N$T) |
||
| 050 | 0 | 4 |
_aPL248.İ43 _bM34 2017 |
| 090 | 0 | 4 |
_aPL248.İ43 _bM34 2017 |
| 100 | 1 | _aİmamoğlu, Semra | |
| 245 | 1 | 0 |
_aMafyanın tutsağı _h[electronic resource] / _cSemra İmamoğlu ; editör Fatma Türkdoğan |
| 250 | _aBirinci basım | ||
| 260 |
_aİstanbul : _bAnatolia Kültür, _c2017 |
||
| 300 | _a277 p. | ||
| 650 | 4 | _aDil ve Edebiyat | |
| 650 | 4 | _aLanguage and Literature | |
| 650 | 0 | _aTürk romanı | |
| 650 | 0 | _aTurkish fiction | |
| 650 | 7 |
_aLITERARY COLLECTIONS / Middle Eastern _2bisacsh |
|
| 700 | 1 | _aTürkdoğan, Fatma | |
| 856 | 4 | 0 | _uhttp://search.ebscohost.com/login.aspx?direct=true&scope=site&db=e011xww&AN=1732429 |
| 999 |
_c16406 _d16406 |
||